Krajinárska štúdia vybranej časti mikroregiónu Pod Panským dielom (Podkonice)

Saved in:
Bibliographic Details
Main Author: Grúňová, Kristina, 1986- (Author)
Other Authors: Belčáková, Ingrid, 1963- (Thesis advisor)
Format: Manuscript Book
Language:Slovak
Published: Bratislava : STU v Bratislave SvF, 2011
Subjects:
Online Access:VAIS
Tags: Add Tag
No Tags, Be the first to tag this record!

MARC

LEADER 00000ntm a22000003a 4500
001 stu230343
005 20150617230139.9
008 110708s2011----xo------------------slo-d
040 |a STU  |b slo 
041 0 |a slo 
044 |a xo 
100 1 |a Grúňová, Kristina,  |d 1986-  |4 aut  |u V  |T SvF Stavebná fakulta  |X 40005  |U V  |Y 10  |7 A000040005 
242 0 0 |a Krajinrska studia vybranej casti mikroregionu Pod Panskym dielom (Podkonice)  |y eng 
245 1 |a Krajinárska štúdia vybranej časti mikroregiónu Pod Panským dielom (Podkonice) 
260 |a Bratislava :  |b STU v Bratislave SvF,  |c 2011 
650 7 |a krajinárstvo a krajinné plánovanie  |2 stusub 
650 7 |a Landscaping and Landscape Planning  |2 estusub 
700 1 |a Belčáková, Ingrid,  |d 1963-  |4 ths  |u A7170  |U FAD Fakulta architektúry  |T FA Ústav krajinnej a záhradnej architektúry  |X 367  |U A7170  |Y 398  |7 A000000367 
856 4 |a info a plný text  |u http://is.stuba.sk/zp/portal_zp.pl?podrobnosti=70360  |3 VAIS